Soluciones negociadas a los conflictos armados internos de Centroamérica / (Registro nro. 4996)
[ vista simple ]
| 000 -LEADER | |
|---|---|
| fixed length control field | 01088nam a2200253Ia 4500 |
| 003 - CONTROL NUMBER IDENTIFIER | |
| control field | OSt |
| 005 - DATE AND TIME OF LATEST TRANSACTION | |
| control field | 20200908123754.0 |
| 008 - FIXED-LENGTH DATA ELEMENTS--GENERAL INFORMATION | |
| fixed length control field | 191128s1999 ck a fr 000 0 spa d |
| 040 ## - CATALOGING SOURCE | |
| Original cataloging agency | CO-JMCR |
| Transcribing agency | CO-JMCR |
| 041 0# - LANGUAGE CODE | |
| Language code of text/sound track or separate title | spa |
| 082 04 - DEWEY DECIMAL CLASSIFICATION NUMBER | |
| Classification number | 363.32 / |
| Item number | T966s |
| Edition number | 23 |
| 100 1# - MAIN ENTRY--PERSONAL NAME | |
| Personal name | Tuta Alarcón, Carlos, |
| Relator term | autor |
| 9 (RLIN) | 9943 |
| 245 10 - TITLE STATEMENT | |
| Title | Soluciones negociadas a los conflictos armados internos de Centroamérica / |
| Statement of responsibility, etc. | Carlos Tuta Alarcón |
| 250 ## - EDITION STATEMENT | |
| Edition statement | Primera edición |
| 260 ## - PUBLICATION, DISTRIBUTION, ETC. | |
| Place of publication, distribution, etc. | Bogotá : |
| Name of publisher, distributor, etc. | Universidad Autónoma de Colombia, |
| Date of publication, distribution, etc. | 1999 |
| 300 ## - PHYSICAL DESCRIPTION | |
| Extent | 128 páginas : |
| Other physical details | ilustraciones a blanco y negro ; |
| Dimensions | 23 cm. |
| 490 0# - SERIES STATEMENT | |
| Series statement | Ensayos |
| 504 ## - BIBLIOGRAPHY, ETC. NOTE | |
| Bibliography, etc. note | Bibliografía: páginas 121-127 |
| 505 0# - FORMATTED CONTENTS NOTE | |
| Formatted contents note | Agotamiento del autoritarismo y crisis Centroamericana -- Autoritarismo y dependencia -- La revolución sandinista da comienzo a la democratización -- La intervención Norteamericana y formación del grupo de contadora |
| 650 14 - SUBJECT ADDED ENTRY--TOPICAL TERM | |
| Topical term or geographic name entry element | Paz |
| Geographic subdivision | América Central |
| 9 (RLIN) | 9944 |
| 650 14 - SUBJECT ADDED ENTRY--TOPICAL TERM | |
| Topical term or geographic name entry element | Conflictos armados |
| Geographic subdivision | América Central |
| 9 (RLIN) | 9945 |
| 650 14 - SUBJECT ADDED ENTRY--TOPICAL TERM | |
| Topical term or geographic name entry element | Solución de conflictos |
| Geographic subdivision | América Central |
| 9 (RLIN) | 9946 |
| 942 ## - ADDED ENTRY ELEMENTS (KOHA) | |
| Source of classification or shelving scheme | Dewey Decimal Classification |
| Koha item type | Books |
| Withdrawn status | Lost status | Source of classification or shelving scheme | Damaged status | Not for loan | Collection code | Home library | Current library | Date acquired | Source of acquisition | Full call number | Barcode | Date last seen | Copy number | Koha item type |
|---|---|---|---|---|---|---|---|---|---|---|---|---|---|---|
| Dewey Decimal Classification | Non-fiction | Biblioteca Pública José María del Castillo y Rada | Biblioteca Pública José María del Castillo y Rada | 04/15/2018 | Donación | 363.32 / T966s | 430001120 | 05/16/2024 | Ej.1 | Books |